|
|
|
|
| LEADER |
00000nam0a2200000 4500 |
| 001 |
210501 |
| 005 |
20231101225620.0 |
| 010 |
|
|
|a 9785394015052
|
| 035 |
|
|
|a (RuTPU)RU\TPU\book\229905
|
| 090 |
|
|
|a 210501
|
| 100 |
|
|
|a 20120227d2012 m y0rusy50 ca
|
| 101 |
0 |
|
|a rus
|
| 102 |
|
|
|a RU
|
| 105 |
|
|
|a a j 000zy
|
| 200 |
1 |
|
|a Антикризисное управление
|e учебник для вузов
|f под ред. И. К. Ларионова
|
| 210 |
|
|
|a Москва
|c Дашков и К
|d 2012
|
| 215 |
|
|
|a 380 с.
|c ил.
|
| 225 |
1 |
|
|a Учебные издания для магистров
|
| 330 |
|
|
|a В учебнике раскрыты основы антикризисного управления, используемого в качестве противодействия кризисным процессам на всех уровнях экономики. Охарактеризован механизм системного экономического кризиса. Представлена система мер его преодоления, определены направления и способы социально-экономического оздоровления страны и ее народного хозяйства с учетом необходимости его перевода на инновационный путь развития на базе НТП.
|
| 606 |
1 |
|
|a Антикризисное управление
|2 stltpush
|3 (RuTPU)RU\TPU\subj\29215
|9 52599
|
| 610 |
1 |
|
|a экономика
|
| 610 |
1 |
|
|a экономические кризисы
|
| 610 |
1 |
|
|a хозяйственный механизм
|
| 610 |
1 |
|
|a Россия
|
| 610 |
1 |
|
|a государственное управление
|
| 610 |
1 |
|
|a российская экономика
|
| 610 |
1 |
|
|a оздоровление
|
| 610 |
1 |
|
|a стратегическое планирование
|
| 610 |
1 |
|
|a прогнозирование
|
| 610 |
1 |
|
|a корпоративные структуры
|
| 610 |
1 |
|
|a инновации
|
| 610 |
1 |
|
|a информационные потоки
|
| 610 |
1 |
|
|a учебники
|
| 686 |
|
|
|a У9(2)212я73
|v LBC/SL-A
|2 rubbk
|
| 702 |
|
1 |
|a Ларионов
|b И. К.
|4 340
|
| 801 |
|
1 |
|a RU
|b 63413507
|c 20120227
|
| 801 |
|
2 |
|a RU
|b 63413507
|c 20150514
|g RCR
|
| 900 |
|
|
|a Антикризисное управление
|
| 942 |
|
|
|c BK
|
| 953 |
|
|
|b 080100
|b 080200
|
| 959 |
|
|
|a 33/20120227
|d 2
|e 330,00
|f ЧЗГЛ:1
|f АНЛ:1
|